| 000 | 01340cam a2200325 a 4500 | ||
|---|---|---|---|
| 999 |
_c329670 _d329670 |
||
| 001 | 14829585 | ||
| 003 | NUST | ||
| 005 | 20170517134103.0 | ||
| 008 | 070501s2008 njua b 001 0 eng | ||
| 010 | _a 2007018089 | ||
| 015 |
_aGBA772852 _2bnb |
||
| 016 | 7 |
_a013888564 _2Uk |
|
| 020 | _a9780471470120 (cloth : alk. paper) | ||
| 020 | _a0471470120 (cloth : alk. paper) | ||
| 035 | _a(OCoLC)ocn123955193 | ||
| 035 | _a(OCoLC)123955193 | ||
| 040 |
_aDLC _cDLC _dBAKER _dBTCTA _dUKM _dYDXCP _dC#P _dDLC |
||
| 050 | 0 | 0 |
_aTA710 _b.B763 2008 |
| 082 | 0 | 0 |
_a624.15 BUD _222 |
| 100 | 1 |
_aBudhu, M. _9986 |
|
| 245 | 1 | 0 |
_aFoundations and earth retaining structures / _cMuni Budhu. |
| 260 |
_aHoboken, NJ : _bJohn Wiley & Sons, _cc2008. |
||
| 300 |
_axiii, 483 p. : _bill. ; _c26 cm. |
||
| 504 | _aIncludes bibliographical references (p. 465-471) and index. | ||
| 650 | 0 |
_aSoil mechanics. _9558 |
|
| 650 | 0 |
_aFoundations. _9892 |
|
| 856 | 4 | 1 |
_3Table of contents only _uhttp://www.loc.gov/catdir/toc/ecip0717/2007018089.html |
| 856 | 4 | 2 |
_3Publisher description _uhttp://www.loc.gov/catdir/enhancements/fy0740/2007018089-d.html |
| 906 |
_a7 _bcbc _corignew _d1 _eecip _f20 _gy-gencatlg |
||
| 942 |
_2ddc _cBK |
||